1003 1251 1417 1218 1391 1333 1400 1252 1890 1448 1283 1649 1363 1852 1142 1160 1328 1573 1269 1867 1751 1462 1166 1174 1864 1548 1587 1743 1405 1899 1090 1692 1471 1164 1056 1401 1230 1959 1578 1453 1756 1588 1197 1293 1924 1148 1250 1433 1105 1461 1629 1970 1726 1256 1061 1745 1710 1160 1662 1508 1645 1601 1498 1616 1632 1766 1940 1119 1665 1968 1084 1543 1044 1701 1156 1292 1866 1696 1928 1968 1389 1820 1470 1993 1314 1860 1672 1193 1105 1423 1102 1063 1608 1332 1071 1094 1033 1789 1853 BCNSPRNW ULIB Ver.6.0+V

เปลี่ยนเป็นภาษาไทย

Change to English
 แสดงรายละเอียดบรรณานุกรม
  กลับหน้าหลัก

Brief Record : Get Marc (ISO 2709) : E-mail record : QR code < ปิดหน้าต่าง
LEADER : 00000nam 2200000uu 4500
001    13399123526
003     ULIB
008    141003s2556||||th 000 0 tha d
020    ^a9786165516785
060  0 ^aWS310^bบ686A
100 0  ^aบุษบา วิวัฒน์เวคิน,^eบรรณาธิการ
245 00 ^aAtlas of pediatric gastroenterology/^cบรรณาธิการโดย บุษบา วิวัฒน์เวคิน
260    ^aกรุงเทพฯ:^bภาควิชากุมารเวชศาสตร์ คณะแพทยศาสตร์ จุฬาลงกรณ์มหาวิทยาลัย,^c2556.
300    ^a205 หน้า
650  0 ^aGastroenterology^xAtlas
650  0 ^aระบบทางเดินอาหารและลำไส้^xในวัยทารกและวัยเด็ก
945    ^p800^l0^i20990
945    ^p800^l0^i20991
945    ^p800^l0^i20992
945    ^p800^l0^i20993
945    ^p800^l0^i20994
999    ^aทศพร เกษรทอง
รายการนี้ยังไม่มีแท็ก
คุณยังไม่ได้ล็อกอิน คุณสามารถมีกิจกรรมร่วมกับเว็บไซต์ได้ แต่ต้องล็อกอินก่อน ::
  ล็อกอิน

รายการสื่อสารสนเทศ

ลำดับที่ ประเภท เลขเรียก/บาร์โค้ด สถานที่ สถานะ
1. วิทยาศาสตร์การแพทย์ และสุขภาพ
หนังสือสำรอง
สถานะ=หนังสือสำรอง
WS310 บ686A ฉ.1 
  Barcode: 20990
ห้องสมุดวิทยาเขตนครสวรรค์
►หนังสือทั่วไป:l:General Books
บนชั้น
2. วิทยาศาสตร์การแพทย์ และสุขภาพ
วิทยาศาสตร์การแพทย์ และสุขภาพ
WS310 บ686A ฉ.2 
  Barcode: 20991
ห้องสมุดวิทยาเขตนครสวรรค์
►หนังสือทั่วไป:l:General Books
บนชั้น
3. วิทยาศาสตร์การแพทย์ และสุขภาพ
วิทยาศาสตร์การแพทย์ และสุขภาพ
WS310 บ686A ฉ.3 
  Barcode: 20992
ห้องสมุดวิทยาเขตนครสวรรค์
►หนังสือทั่วไป:l:General Books
บนชั้น
4. วิทยาศาสตร์การแพทย์ และสุขภาพ
วิทยาศาสตร์การแพทย์ และสุขภาพ
WS310 บ686A ฉ.4 
  Barcode: 20993
ห้องสมุดวิทยาเขตนครสวรรค์
►หนังสือทั่วไป:l:General Books
บนชั้น
5. วิทยาศาสตร์การแพทย์ และสุขภาพ
วิทยาศาสตร์การแพทย์ และสุขภาพ
WS310 บ686A ฉ.5 
  Barcode: 20994
ห้องสมุดวิทยาเขตนครสวรรค์
►หนังสือทั่วไป:l:General Books
บนชั้น

BibComment


ยังไม่เคยถูกคอมเมนท์

คอมเมนท์ทรัพยากรรายการนี้
  คอมเมนท์: Atlas of pediatr..


 Copyright 2026. Bcnsprnw @Library